Plus Grandes Villes de France par Lettre - B - Statistiques

Statistiques générales
  • Ce quiz a été pris 658 fois
    640 depuis la dernière actualisation
  • Le résultat moyen est 13 sur 20
Réponses sur la Carte
Les réponses sont colorées sur une échelle allant du rouge au vert en fonction du pourcentage des utilisateurs qui les ont devinées à leur premier essai. Vous pouvez retrouver ces pourcentages ci-dessous.
 
Statistiques - réponses
Population Ville % Correct
261 804 Bordeaux
99%
139 619 Brest
99%
48 768 Bastia
94%
52 749 Bayonne
86%
41 525 Bourg-en-Bresse
81%
119 198 Besançon
80%
80 341 Béziers
74%
119 808 Boulogne-Billancourt
72%
45 155 Belfort
71%
40 910 Boulogne-sur-Mer
71%
63 702 Bourges
69%
56 677 Beauvais
66%
46 813 Blois
64%
46 599 Brive-la-Gaillarde
56%
55 056 Bobigny
46%
52 905 Bondy
33%
43 049 Bron
27%
39 366 Bagnolet
26%
58 257 Le {Blanc}-{Mesnil}
26%
43 699 Bagneux
25%
Aucun quiz correspondant
Distribution des résultats
% des personnes avec chaque résultat
Percentile par nombre de réponses
Votre historique - résultats
Vous n’avez pas pris ce quiz depuis la dernière actualisation